000 00753nam a22002537a 4500
999 _c15496
_d15496
003 MIRAKIL
005 20240227154904.0
008 240227b tu ||||| |||| 00| 0 tur d
020 _a9786059158503
040 _aTR-AnCHP
_cTR-AnCHP
041 _atur
082 _a320.5315
_bT27d 2016
090 _a320.5315 T27d 2016
100 1 _aTaşkın, Yüksel
245 1 0 _aSosyal demokrasi ve din /
_cYüksel Taşkın
260 _aAnkara :
_bBencekitap,
_c2016
300 _a64 s. ;
_c19 cm.
490 0 _aBencekitap.
490 0 _aSosyal demokrasi dizisi
504 _aKaynakça: 64. s.
650 0 _9817
_asosyal demokrasi
_xdin
856 _zDijital Nüshası için Partimizin Kütüphane Sorumlusu ile iletişime geçiniz.
942 _2ddc
_cBKS